00615nam a2200217Ia 4500008004100000020001700041040001400058082002300072100002400095245002300119260003900142300001100181365002600192366000800218505002200226530003000248620005800278630002300336650001500359730002300374100315s9999 xx 000 0 und d a0213994577  cENGLISH  b10386 a332.678  a"Painter, Raymond " aYour Money and You aLondon bArthur Barker  c1972  a180   eRupees d1 b0.00  f0  gVaibhav Gaikwad  bDonated By RBI Library   a"Your Money and You , Economic, Taxation, RBI Book " aYour Money and You aECONOMIC  aYour Money and You